Hiện tượng chuyển loại giữa danh từ và động từ trong tiếng Anh /

Kaydedildi:
Detaylı Bibliyografya
Yazar: Nguyễn Thái Ân, ThS.
Materyal Türü: Makale
Dil:Vietnamese
Konular:
Etiketler: Etiketle
Etiket eklenmemiş, İlk siz ekleyin!
Thư viện lưu trữ: Thư viện Trường Đại học Đà Lạt
LEADER 00772nam a2200265 4500
001 DLU090066908
005 ##20090505
040 # # |a DLU  |b vie 
041 # # |a vie 
044 # # |a vn 
100 # # |a Nguyễn Thái Ân,  |c ThS. 
245 # # |a Hiện tượng chuyển loại giữa danh từ và động từ trong tiếng Anh /  |c Nguyễn Thái Ân. 
653 # # |a Động từ 
653 # # |a Danh từ 
653 # # |a Tiếng Anh 
773 # # |t Khoa học Xã hội  |g Số 7(95), 2006, tr. 51-54 
920 # # |a Phòng Tạp chí -- Trung tâm Thông tin - Thư viện Trường Đại học Đà Lạt 
994 # # |a DLU 
900 # # |a True 
911 # # |a Đào Thị Thu Huyền 
925 # # |a G 
926 # # |a A 
927 # # |a BB 
980 # # |a Thư viện Trường Đại học Đà Lạt